Industial Relations and Personal (Record no. 3043)

MARC details
000 -LEADER
fixed length control field 00448nam a22001697a 4500
005 - DATE AND TIME OF LATEST TRANSACTION
control field 20160618095704.0
008 - FIXED-LENGTH DATA ELEMENTS--GENERAL INFORMATION
fixed length control field 160618b xxu||||| |||| 00| 0 eng d
020 ## - INTERNATIONAL STANDARD BOOK NUMBER
ISBN 07069-9760-3
041 ## - LANGUAGE CODE
Language code of text/sound track or separate title eng
082 ## - DEWEY DECIMAL CLASSIFICATION NUMBER
Item number 8077
100 ## - MAIN ENTRY--AUTHOR NAME
Personal name Pyiee Dr. M.U. and George, A Semon
245 ## - TITLE STATEMENT
Title Industial Relations and Personal
260 ## - PUBLICATION, DISTRIBUTION, ETC. (IMPRINT)
Place of publication New Delhi
Name of publisher Vikas Publishing House (P) Ltd.
Year of publication 2003
300 ## - PHYSICAL DESCRIPTION
Number of Pages 189
650 ## - SUBJECT ADDED ENTRY--TOPICAL TERM
Topical Term Management
942 ## - ADDED ENTRY ELEMENTS (KOHA)
Koha item type Books
Holdings
Lost status Damaged status Home library Current library Date acquired Cost, normal purchase price Full call number Accession Number Koha item type
Lost   JRU Library JRU Library 18/06/2016 90.00 8077 8077 Books